logo

Bir Sreshtho Munshi Abdur Rouf Library
Jhenaidah Cadet College

Comet / (Record no. 5547)

MARC details
000 -LEADER
fixed length control field 00924pam a2200325 4500
001 - CONTROL NUMBER
JCCL Control Number 5547
003 - CONTROL NUMBER IDENTIFIER
JCCL marc code BD-JhCC
005 - DATE AND TIME OF LATEST TRANSACTION
control field 20171227164415.0
008 - FIXED-LENGTH DATA ELEMENTS--GENERAL INFORMATION
fixed length control field 850408s1985 nyua b 001 0 eng
020 ## - INTERNATIONAL STANDARD BOOK NUMBER
International Standard Book Number 0394549082 :
Terms of availability 27.50
035 ## - SYSTEM CONTROL NUMBER
system control number MITb10246194
035 ## - SYSTEM CONTROL NUMBER
system control number (Bd-JhCC)5547
040 ## - CATALOGING SOURCE
Original cataloging agency DLC
Transcribing agency DLC
Modifying agency MYG
041 ## - LANGUAGE CODE
Language code of Book eng
050 0# - LIBRARY OF CONGRESS CALL NUMBER
Classification number QB721
Item number .S34 1985
082 ## - DEWEY DECIMAL CLASSIFICATION NUMBER
DDC Edition number 523.6
Author mark and Year SAG 1985
099 ## - LOCAL FREE-TEXT CALL NUMBER
Classification number QB721.S34 1985
100 1# - MAIN ENTRY--PERSONAL NAME
Personal name Sagan, Carl,
Dates associated with a name 1934-1996.
245 10 - TITLE STATEMENT
Title Comet /
Statement of responsibility, etc Carl Sagan and Ann Druyan.
250 ## - EDITION STATEMENT
Edition statement 1st ed.
260 ## - PUBLICATION, DISTRIBUTION, ETC. (IMPRINT)
Place of publication, distribution, etc New York :
Name of publisher, distributor, etc Random House,
Date of publication, distribution, etc c1985.
300 ## - PHYSICAL DESCRIPTION
Pagination xiv, 398 p. :
Other physical details ill. (some col.) ;
Dimensions 27 cm.
500 ## - GENERAL NOTE
General note Includes indexes.
504 ## - BIBLIOGRAPHY, ETC. NOTE
Bibliography, etc Bibliography: p. 379-384.<br/>Includes Illustrations
650 #0 - SUBJECT ADDED ENTRY--TOPICAL TERM
Topical term or geographic name as entry element Comets.
651 #0 - SUBJECT ADDED ENTRY--GEOGRAPHIC NAME
Geographic name Halley's comet.
700 1# - ADDED ENTRY--PERSONAL NAME
Personal name Druyan, Ann,
Dates associated with a name 1949-
942 ## - ADDED ENTRY ELEMENTS (KOHA)
Source of classification or shelving scheme Dewey Decimal Classification
Koha item type Books
949 ## - LOCAL PROCESSING INFORMATION (OCLC)
a MYGH
b 39080003511141
Holdings
Source of classification or shelving scheme Damaged status Not for loan Home library Current library Shelving location Date of accession Source of acquisition Total Checkouts Full call number Barcode Date last seen Copy number Koha item type
Dewey Decimal Classification     JCC Rouf Library JCC Rouf Library General Stacks 12/17/2017 The Asia Foundation   523.6 SAG 1985 7728 12/17/2017 C-1 Books

JCC Library | Contacts | JCC Home

Last Update on 23 September 2017
Copyright @ 2017-2020 JCC Rouf Library
Rouf Library, Jhenidah Cadet College (JCC), Bangladesh